Online
Catalog

Teatro, sociedad y democracia : discurso de ingreso a la Academia Mexicana de la Lengua, 26 de junio de 2008 / (Record no. 39853)

MARC details
000 -CABECERA
campo de control de longitud fija 00632nam a2200145 a 4500
001 - NÚMERO DE CONTROL
campo de control 000040363
005 - FECHA Y HORA DE LA ÚLTIMA TRANSACCIÓN
campo de control 20201002034102.0
008 - DATOS DE LONGITUD FIJA--INFORMACIÓN GENERAL
campo de control de longitud fija 130822s2010 mx 000 0 spa d
020 ## - NÚMERO INTERNACIONAL ESTÁNDAR DEL LIBRO
Número Internacional Estándar del Libro 9786070212338
040 ## - FUENTE DE LA CATALOGACIÓN
Centro catalogador/agencia de origen DO-SdBNP
Lengua de catalogación spa
Centro/agencia transcriptor BNPHU
100 1# - ENTRADA PRINCIPAL--NOMBRE DE PERSONA
Nombre de persona Rascón Banda, Víctor Hugo,
Títulos y otros términos asociados al nombre 1948-
9 (RLIN) 25257
245 10 - MENCIÓN DE TÍTULO
Título Teatro, sociedad y democracia : discurso de ingreso a la Academia Mexicana de la Lengua, 26 de junio de 2008 /
Mención de responsabilidad, etc. Víctor Hugo Rascón Banda ; respuesta de Carlos Montemayor.
260 ## - PUBLICACIÓN, DISTRIBUCIÓN, ETC.
Lugar de publicación, distribución, etc. México :
Nombre del editor, distribuidor, etc. Dirección General de Publicaciones y Fomento Editorial : Academia Mexicana de la Lengua :,
Fecha de publicación, distribución, etc. 2010.
300 ## - DESCRIPCIÓN FÍSICA
Extensión 82 p. ;
Dimensiones 18 cm.
Holdings
Estado de retiro Estado de pérdida Restricciones de uso No para préstamo Código de colección Localización permanente Ubicación/localización actual Ubicación en estantería Fecha de adquisición Número de inventario Total de préstamos Signatura topográfica completa Código de barras Fecha visto por última vez Precio válido a partir de Tipo de ítem Koha Número de copia
      Excluido de préstamo Monografías: Libros y Folletos General General En catalogación 22.08.2013 LF1   40363-10 25.06.2020 25.06.2020 No se presta  
    Préstamo interno   Monografías: Libros y Folletos General General En catalogación 22.08.2013 LF1   40363-20 25.06.2020 25.06.2020 Préstamo interno e. 3
      Excluido de préstamo Monografías: Libros y Folletos General General En catalogación 22.08.2013 LF1   40363-30 25.06.2020 25.06.2020 No se presta e. 2

Powered by Koha